LEADER 01960nas 2200577-a 450 001 996218123003316 005 20240129213017.0 011 $a1872-6755 035 $a(DE-599)ZDB1462706-1 035 $a(OCoLC)38887958 035 $a(CKB)954925481611 035 $a(CONSER)--2002238884 035 $a(EXLCZ)99954925481611 100 $a19980402b19882005 s-- - 101 0 $aeng 135 $aurcnu|||||||| 181 $ctxt$2rdacontent 182 $cc$2rdamedia 183 $acr$2rdacarrier 200 10$aBrain research$iDevelopmental brain research 210 $a[Amsterdam] $cElsevier Science B.V.$d-2005 311 $a0165-3806 517 3 $aDevelopmental brain research 531 $aDEVELOP BRAIN RES 531 $aDEV BRAIN RES 531 $aDEV BRAIN R 531 $aBRAIN RESEARCH. DEVELOPMENTAL BRAIN RESEARCH 531 $aBRAIN RES DEV BRAIN RES 606 $aDevelopmental neurophysiology$vPeriodicals 606 $aDevelopmental neurobiology$vPeriodicals 606 $aBrain$xgrowth & development$vperiodicals 606 $aBrain$xgrowth & development 606 $aBrain$xgrowth & development$vPeriodicals 606 $aNeurophysiologie du développement$vPériodiques 606 $aNeurologie du développement$vPériodiques 606 $aDevelopmental neurobiology$2fast$3(OCoLC)fst00891810 606 $aDevelopmental neurophysiology$2fast$3(OCoLC)fst00891813 608 $aPeriodicals.$2fast 615 0$aDevelopmental neurophysiology 615 0$aDevelopmental neurobiology 615 2$aBrain$xgrowth & development 615 2$aBrain$xgrowth & development 615 2$aBrain$xgrowth & development 615 6$aNeurophysiologie du développement 615 6$aNeurologie du développement 615 7$aDevelopmental neurobiology. 615 7$aDevelopmental neurophysiology. 906 $aJOURNAL 912 $a996218123003316 996 $aBrain research$9798614 997 $aUNISA